Atmospheric chemistry and climate (Record no. 54581)

MARC details
000 -LEADER
fixed length control field 00343nam a2200145Ia 4500
100 ## - MAIN ENTRY--AUTHOR NAME
Personal name Satheesh S K
245 #0 - TITLE STATEMENT
Title Atmospheric chemistry and climate
260 ## - PUBLICATION, DISTRIBUTION, ETC. (IMPRINT)
Name of publisher Current Science
Year of publication 2012
300 ## - PHYSICAL DESCRIPTION
Number of Pages 426-39
650 ## - SUBJECT ADDED ENTRY--TOPICAL TERM
Topical Term Aerosols
650 ## - SUBJECT ADDED ENTRY--TOPICAL TERM
Topical Term Atmosphere
650 ## - SUBJECT ADDED ENTRY--TOPICAL TERM
Topical Term Climate
942 ## - ADDED ENTRY ELEMENTS (KOHA)
Koha item type Journals
Holdings
Withdrawn status Lost status Damaged status Not for loan Home library Current library Shelving location Date acquired Serial Enumeration / chronology Koha item type
      Journals RRII Library RRII Library Climate change 05/03/2012 Volume 102, Issue 3 Journals